| 000 | 00387nam a22001457a 4500 | ||
|---|---|---|---|
| 999 |
_c15458 _d15458 |
||
| 020 | _a9789380931777 | ||
| 082 |
_a620.11 _bASH/NA |
||
| 100 |
_aAshby ,michael F _93165 |
||
| 245 | _aNanomaterials nanotechnologies and design / | ||
| 260 |
_aAmesterdam ; _bElsevier / _c2009 . |
||
| 300 | _a525 p. | ||
| 700 |
_aFerreira , paulo J _93166 |
||
| 700 |
_aSchodek ,daniel L _93167 |
||
| 942 | _cBK | ||